02311nam a22003735i 4500999001700000003000900017005001700026008004100043020001800084040004300102041001800145043001200163082001900175245041200194246004400606246002900650246004500679246002200724264004000746264004400786300004900830336002600879337002800905338002700933490008700960520050201047546005001549651002901599653002701628710006201655710006201717942001201779952014601791 c29019d28990EG-ScBUE20201109151804.0200219s2006 cc f 000 0 chi d a9787802002388 aEG-ScBUEbengerdacEG-ScBUEdEG-ScBUE1 achiaarahchi aa-cc---04a915.1bZHO22200a中国地理常识 :b(中阿对照) = نبذة عن جغرافية الصين /c国務院侨务办公室, 国家汉语国际推广领导小组办公室 = Zhongguo di li chang shi / Guo wu yuan qiao wu ban gong shi, Zhongguo hai wai jiao liu xie hui = Common knowledge about Chinese geography / The Overseas Chinese Affairs Office of the State Council, The Office of Chinese Language Council International.31aنبذة عن جغرافية الصين31aZhongguo di li chang shi31aCommon knowledge about Chinese geography30aChinese geography 1aBeijing :bSinolingua Press,c2006. 1a北京 :b华语教学出版社,c2006. a225 pages :billustrations (color) ;c24 cm. atextbtxt2rdacontent aunmediatedbn2rdamedia avolumebnc2rdacarrier a中国常识系列 =aZhong guo chang shi xi lie =aCommon knowledge about Chinese aLanguage Chinese&,Arabic ,This book is one of the Chinese teaching auxiliary book series edited by the common work of Beijing Chinese Language College (BCLC), NJNU(Nanjing Normal University) and Anhui Normal University; the editing of the series is advocated by the Overseas Chinese Affairs Office of the State Council. This series is for overseas Chinese youth to learn Chinese culture, history and geography knowledge in class or by self-study. It can also be used for parents to coach children. aIn Chinese and Arabic ; title also in Arabic. 7aChinaxGeography.2BUEsh bHHUUCCHHcNovember20201 aChina.bState Council. bOverseas Chinese Affairs Office.2 aOffice of Chinese Language Council International (China). 2ddccBB 00102ddc40708BaccahaMAINbMAINc2NDd2020-11-09ePurchaseg850.00l0o915.1 ZHOp000050064r2025-07-15 00:00:00v1062.50w2020-11-09yBB